Dechlorination of atrazine by a rhizobium sp. isolate /
Enregistré dans:
| Autres auteurs: | , , , , |
|---|---|
| Format: | Article |
| Langue: | English |
| Sujets: | |
| Tags: |
Ajouter un tag
Pas de tags, Soyez le premier à ajouter un tag!
|
| Thư viện lưu trữ: | Thư viện Trường Đại học Đà Lạt |
|---|
| LEADER | 01054nam a2200385 4500 | ||
|---|---|---|---|
| 001 | DLU090096452 | ||
| 005 | ##20091201 | ||
| 040 | # | # | |a DLU |b eng |
| 041 | # | # | |a eng |
| 044 | # | # | |a us |
| 245 | # | # | |a Dechlorination of atrazine by a rhizobium sp. isolate / |c C. Bouquard ... [et al.]. |
| 653 | # | # | |a Atrazine |
| 653 | # | # | |a Bacteria |
| 653 | # | # | |a Biodegradation |
| 653 | # | # | |a Enzyme |
| 653 | # | # | |a Herbicides |
| 653 | # | # | |a Homology |
| 653 | # | # | |a Pollutant |
| 653 | # | # | |a Rhizobiaceae |
| 653 | # | # | |a Rhizobium |
| 700 | # | # | |a Bouquard, C. |
| 700 | # | # | |a Michel-Briand, Y. |
| 700 | # | # | |a Ouazzani, J. |
| 700 | # | # | |a Plesiat, P. |
| 700 | # | # | |a Prome, J. |
| 773 | # | # | |t Applied and Environmental Microbiology |g Vol. 63, no. 3 (March 1997), p. 862-866 |
| 920 | # | # | |a Phòng Tạp chí -- Trung tâm Thông tin - Thư viện Trường Đại học Đà Lạt |
| 994 | # | # | |a DLU |
| 900 | # | # | |a True |
| 911 | # | # | |a Trương Bảo Trâm Anh |
| 925 | # | # | |a G |
| 926 | # | # | |a A |
| 927 | # | # | |a BB |
| 980 | # | # | |a Thư viện Trường Đại học Đà Lạt |